<?xml version="1.0" encoding="UTF-8"?><?xml-stylesheet type="text/xsl" href="static/style.xsl"?><OAI-PMH xmlns="http://www.openarchives.org/OAI/2.0/" xmlns:xsi="http://www.w3.org/2001/XMLSchema-instance" xsi:schemaLocation="http://www.openarchives.org/OAI/2.0/ http://www.openarchives.org/OAI/2.0/OAI-PMH.xsd"><responseDate>2026-04-27T14:05:46Z</responseDate><request verb="GetRecord" identifier="oai:riubu.ubu.es:10259/4864" metadataPrefix="marc">https://riubu.ubu.es/oai/request</request><GetRecord><record><header><identifier>oai:riubu.ubu.es:10259/4864</identifier><datestamp>2023-02-09T12:44:46Z</datestamp><setSpec>com_10259_7436</setSpec><setSpec>com_10259.4_2512</setSpec><setSpec>com_10259.4_106</setSpec><setSpec>com_10259_2604</setSpec><setSpec>com_10259_4862</setSpec><setSpec>com_10259_5086</setSpec><setSpec>col_10259_7437</setSpec><setSpec>col_10259_4863</setSpec></header><metadata><record xmlns="http://www.loc.gov/MARC21/slim" xmlns:doc="http://www.lyncode.com/xoai" xmlns:xsi="http://www.w3.org/2001/XMLSchema-instance" xmlns:dcterms="http://purl.org/dc/terms/" xsi:schemaLocation="http://www.loc.gov/MARC21/slim http://www.loc.gov/standards/marcxml/schema/MARC21slim.xsd">
<leader>00925njm 22002777a 4500</leader>
<datafield tag="042" ind1=" " ind2=" ">
<subfield code="a">dc</subfield>
</datafield>
<datafield tag="720" ind1=" " ind2=" ">
<subfield code="a">Valero, Antonio</subfield>
<subfield code="e">author</subfield>
</datafield>
<datafield tag="720" ind1=" " ind2=" ">
<subfield code="a">Hernández Pérez, Marta</subfield>
<subfield code="e">author</subfield>
</datafield>
<datafield tag="720" ind1=" " ind2=" ">
<subfield code="a">Esteban Carbonero, Óscar</subfield>
<subfield code="e">author</subfield>
</datafield>
<datafield tag="720" ind1=" " ind2=" ">
<subfield code="a">Rodríguez Lázaro, David</subfield>
<subfield code="e">author</subfield>
</datafield>
<datafield tag="260" ind1=" " ind2=" ">
<subfield code="c">2018-12</subfield>
</datafield>
<datafield tag="520" ind1=" " ind2=" ">
<subfield code="a">Processed cheese from cow's milk is one of the most consumed dairy products worldwide. Since this product is defined as ready-to-eat, foodborne pathogens such as Listeria monocytogenes can represent a health concern for susceptible populations. In this study, the individual and combined kinetic behaviour of four L. monocytogenes serogroups (namely, 1/2a, 1/2b, 1/2c and 4b) persistently isolated from a Spanish cheesemaking factory was modelled on grated cheese at different isothermal conditions (4 and 12 °C) during a 120-days period. The serogroup variability was characterized over the storage time by the isolation and identification of the different serogroups in the cocktail containing the four strains. This processed cheese did not support the growth of L. monocytogenes during storage. Survival patterns described by the log-linear type model indicated a high variability of L. monocytogenes serotypes at the tested temperatures: L. monocytogenes serogroup 4b showed a more rapid decrease rate at 4 °C than at 12 °C, while the opposite trend was found for the rest of serogroups and the L. monocytogenes cocktail containing all the strains. Survival rate of L. monocytogenes serogroup 1/2c at 4 °C was 0.007 log CFU/d being the most resistant serotype while at 12 °C, serogroup 1/2a showed the lowest survival rate (0.011 log CFU/d), thus showing a prolonged survival at this temperature. This study highlights the potential implications of L. monocytogenes contamination in processed cheese and shows that serogroup variability should be considered when evaluating survival patterns in contaminated products. Finally, the predictive models developed here could be useful to assist food operators to set specific storage conditions and formulations to avoid L. monocytogenes growth and survival in grated cheeses.</subfield>
</datafield>
<datafield tag="024" ind2=" " ind1="8">
<subfield code="a">0168-1605</subfield>
</datafield>
<datafield tag="024" ind2=" " ind1="8">
<subfield code="a">http://hdl.handle.net/10259/4864</subfield>
</datafield>
<datafield tag="024" ind2=" " ind1="8">
<subfield code="a">10.1016/j.ijfoodmicro.2018.07.021</subfield>
</datafield>
<datafield ind1=" " ind2=" " tag="653">
<subfield code="a">Foodborne pathogens</subfield>
</datafield>
<datafield ind1=" " ind2=" " tag="653">
<subfield code="a">Listeria monocytogenes</subfield>
</datafield>
<datafield ind1=" " ind2=" " tag="653">
<subfield code="a">Persistence</subfield>
</datafield>
<datafield ind1=" " ind2=" " tag="653">
<subfield code="a">Cheese</subfield>
</datafield>
<datafield ind1=" " ind2=" " tag="653">
<subfield code="a">Survival rate</subfield>
</datafield>
<datafield ind1=" " ind2=" " tag="653">
<subfield code="a">Log-linear models</subfield>
</datafield>
<datafield ind1=" " ind2=" " tag="653">
<subfield code="a">Shelf-life</subfield>
</datafield>
<datafield tag="245" ind1="0" ind2="0">
<subfield code="a">Modelling the fate and serogroup variability of persistent Listeria monocytogenes strains on grated cheese at different storage temperatures</subfield>
</datafield>
</record></metadata></record></GetRecord></OAI-PMH>